LEADER 01220nam0 2200289 i 450 001 SUN0007367 005 20070620120000.0 010 $a88-14-07886-6 020 $aIT$b2000 5071 100 $a20020826d1999 |0itac50 ba 101 $aita 102 $aIT 105 $a||||Z 1|||| 200 1 $aBioetica, deontologia e diritto per un nuovo codice professionale del medico$eatti, Certosa di Pontignano, Siena, 5-6 febbraio 1999$fa cura di Mauro Barni 205 $aMilano : A. Giuffrè$b1999 210 $aVIII$d244 p. ; 24 cm 215 $aIn appendice: Documento di Pontignano, Elenco alfabetico dei discussants, Codice di deontologia medica. 606 $aMedici$xMorale professionale$xRegolamenti$2FI$3SUNC004388 620 $dMilano$3SUNL000284 676 $a344.450412$v21 702 1$aBarni$b, Mauro$3SUNV003294 712 $aGiuffrè$3SUNV001757$4650 801 $aIT$bSOL$c20181231$gRICA 912 $aSUN0007367 950 $aUFFICIO DI BIBLIOTECA DEL DIPARTIMENTO DI GIURISPRUDENZA$d00CONS I.H.2 $e00 16803 20020826 996 $aBioetica, deontologia e diritto per un nuovo codice professionale del medico$9629781 997 $aUNICAMPANIA LEADER 01244nam2 22003133i 450 001 IEI0100310 005 20231121125507.0 010 $a8842103624 010 $a9788842103622 100 $a19961219d1996 ||||0itac50 ba 101 | $aita 102 $ait 181 1$6z01$ai $bxxxe 182 1$6z01$an 200 0 $a3$fdi Valerio Verra 210 $aRoma$aBari: Laterza$d1996 215 $aXVI, 470 p.$d24 cm. 461 1$1001IEI0099312$12001 $aManuale di storia della filosofia$fF. Adorno, T. Gregory, V. Verra$v3 700 1$aVerra$b, Valerio$3CFIV026931$4070$0159612 801 3$aIT$bIT-01$c19961219 850 $aIT-RM028 $aIT-RM0418 $aIT-FR0017 899 $aBiblioteca Universitaria Alessandrina$bRM028 899 $aBIBLIOTECA ACCADEMIA NAZ. DEI LINCEI E CORSINIANA$bRM0418 899 $aBiblioteca umanistica Giorgio Aprea$bFR0017 912 $aIEI0100310 950 2$aBiblioteca umanistica Giorgio Aprea$d 52MAG 2/11.3$e 52FSS0000074305 VMN RS $fA $h20140206$i20140206$d 52MAG 2/11.3*$e 52FSS0000074925 VMN RS $fA $h20140206$i20140206 977 $a 01$a 10$a 52 996 $a3$93607222 997 $aUNICAS